A book of proverbs and quotations / (Record no. 5887)

MARC details
000 -LEADER
fixed length control field 00528 a2200181 4500
010 ## - LCCN (DPL NO)
LC control number ENG-87057
020 ## - INTERNATIONAL STANDARD BOOK NUMBER
International Standard Book Number 8183820328
Terms of availability 95.00
035 ## - SYSTEM CONTROL NUMBER
System control number EN-70590
037 ## - SOURCE OF ACQUISITION
Source of stock number/acquisition DBAD / PUB
082 14 - DEWEY DECIMAL CLASSIFICATION NUMBER
Classification number 398.9
100 ## - MAIN ENTRY--PERSONAL NAME
Personal name Chopra, Mahesh
245 1# - TITLE STATEMENT
Title A book of proverbs and quotations /
Statement of responsibility, etc by Mahesh Chopra
260 ## - PUBLICATION, DISTRIBUTION, ETC. (IMPRINT)
Place of publication, distribution, etc New Delhi
Name of publisher, distributor, etc Lotus Press
Date of publication, distribution, etc 2007
270 ## - ADDRESS
Address 4263/3, Ansari Road, Daryaganj
City New Delhi
Postal code 110 002
300 ## - PHYSICAL DESCRIPTION
Extent 156p.
Dimensions 21cm (pbk)
500 ## - GENERAL NOTE
General note Includes index
942 ## - ADDED ENTRY ELEMENTS (KOHA)
Institution code [OBSOLETE] dpl
Item type English Books
Source of classification or shelving scheme Dewey Decimal Classification
Classification part 398.9
Call number suffix CHO
Holdings
Withdrawn status Lost status Not for loan Collection code Home library Current library Source of acquisition Cost, normal purchase price Full call number Barcode Copy number Cost, replacement price Koha item type
    Not For Loan Non-fiction D.B.Act.Division D.B.Act.Division DBAD/PUB 95.00 398.9 CHO EN-70590 1 95.00 English Books

© Delhi Public Library
Hit Counter
free hit counter